Antología del Horror y el Misterio 4 / (Record no. 28716)

MARC details
000 -LEADER
campo de control de longitud fija 00569nam a22002057a 4500
001 - NÚMERO DE CONTROL
campo de control 00028683
005 - FECHA Y HORA DE LA ÚLTIMA TRANSACCIÓN
campo de control 20260401090426.0
008 - DATOS DE LONGITUD FIJA--INFORMACIÓN GENERAL
campo de control de longitud fija 260401b ag ||||| |||| 00| 0 spa d
020 ## - NÚMERO INTERNACIONAL ESTÁNDAR DEL LIBRO
Número Internacional Estándar del Libro 9684198965
040 ## - FUENTE DE CATALOGACIÓN
Centro catalogador/agencia de origen AR-CcCEOS
Lengua de catalogación Español; Castellano
Centro/agencia transcriptor AR-CcCEOS
041 ## - CÓDIGO DE IDIOMA
Código de lengua del texto/banda sonora o título independiente Español; Castellano
080 ## - NÚMERO DE LA CLASIFICACIÓN DECIMAL UNIVERSAL
Número de la Clasificación Decimal Universal 860-3(72)
090 ## - LOCALMENTE ASIGNADO TIPO-LC NÚMERO DE CLASIFICACIÓN (OCLC); NÚMERO DE CLASIFICACIÓN LOCAL (RLIN)
Número cutter local (OCLC) ; Número de libro/Signatura topográfica íntegra, CALL (RLIN) DOR4
100 1# - ENTRADA PRINCIPAL--NOMBRE DE PERSONA
Nombre de persona Doreste, Tomás,
Fechas asociadas al nombre 1925-
9 (RLIN) 999
245 ## - MENCIÓN DEL TÍTULO
Título Antología del Horror y el Misterio 4 /
Mención de responsabilidad, etc. Tomas Doreste
264 ## - PRODUCCIÓN, PUBLICACIÓN, DISTRIBUCIÓN, FABRICACIÓN Y COPYRIGHT
Producción, publicación, distribución, fabricación y copyright México :
Nombre del de productor, editor, distribuidor, fabricante Grijalbo,
Fecha de producción, publicación, distribución, fabricación o copyright c1990.
300 ## - DESCRIPCIÓN FÍSICA
Extensión 1146 p. ;
Dimensiones 21x15 cm.
655 #0 - TERMINO DE INDIZACIÓN--GENERO/FORMA
Datos o término principal de género/forma cuentos de horror
9 (RLIN) 151
Subdivisión de forma misterio
942 ## - ELEMENTOS DE ENTRADA SECUNDARIOS (KOHA)
Fuente de la clasificación o esquema de estantería Clasificación decimal universal
Tipo de ítem Koha Libros
Suprimir en OPAC No
Holdings
Estatus retirado Estado de pérdida Fuente de la clasificación o esquema de estantería Estado de daño No para préstamo Biblioteca de origen Biblioteca actual Fecha de adquisición Número de inventario Total de préstamos Signatura topográfica completa Información codificada de la localización en otra ubicación Colección Código de barras Visto por última vez Precio de reemplazo Tipo de ítem Koha
    Clasificación decimal universal     Biblioteca Julio Serebrinsky Biblioteca Julio Serebrinsky 01/04/2026 46288   860-3(72) DOR4 SER 46288 01/04/2026 01/04/2026 Libros